000 00624nam a2200181 i 4500
001 182449
003 ES-MaACL
005 20250801063048.0
008 130816s1989 mx |||| | spa d
100 1 _aZavala, Silvio,
_d1909-2014
_9118108
245 1 0 _aDeslinde de vivencias en la historia mexicana /
_cSilvio Zavala.
260 _aMexico :
_bEl Colegio de Mexico,
_c1989.
300 _aP. 689-699 ;
_c25 cm.
595 _aSeparata de: Nueva Revista de Filologia Hispanica, t. XXXVII, 1989, nº2.
651 4 _aMéxico-
_vHistoriografía.
_9153265
852 _aES-MaACL
_j2325-F-11
999 _c182449
_d182449